02676nkc a2200373za 450000100060000000300040000600500170001000700070002700800410003404000240007510000410009924500590014026000240019930001000022350003090032350001930063250000650082550001340089050001700102450400520119450500580124651001510130451002100145556101300166561000440179565100260183965500400186570000600190585200120196585601500197794200250212795201330215299900170228584631OSt20260323121609.0kh boc250410s19101911sp ||||| ||||||0| i|spa d aM-RABAbspacM-RABA1 aElorza, Lorenzod(1861-1931)911106810aMaestub: Puerta de la Ermita de San Martínc/ L. E. c[ca. 1910 – 1911] a1 fotografía b: gelatina de plata c; imagen 12 x 17 cmc; soporte secundario 21,5 x 26,5 cm aVista de la portada de la ermita de San Martín en Maestu que se mantiene en pie sin cubierta, en estado de ruina. Presenta una decoración en ajedrezado en arquivoltas y trasdoses, no así la línea de imposta, decorada con motivos vegetales. Federico Baraibar conversa con un paisano en la puerta.  aFotografía montada sobre soporte secundario de cartulina azul enmarcada con orla en relieve. Título y numeración manuscrita que hace referencia a la posición en la serie “115”. aSello con monograma del fotógrafo en tinta roja “L.E.” aFechas tomadas de la ejecución del positivo de las fotografías, incluido el soporte secundario. (Soto Madrazo, Javier. 2008). aForma parte de un conjunto de 167 fotografías empleadas por Federico Baráibar Zumárraga para la elaboración del Inventario del Románico en Álava (1911).  aBaraibar, F.: "Rincones artísticos", M. 1914. aMaestu.- Puerta de la Ermita de Sn. Martín. / L. E. aDescripción tomada de: Soto Madrazo, Javier (2008). Federico Baraibar y el Inventario del Románico en Álava: una caja con 167 fotografías. aEsta colección fue utilizada posteriormente por Cristóbal de Castro para la elaboración y publicación del "Catálogo Monumental de España: provincia de Álava", Madrid, S. de Rivadeneira, 1915. aDonadas junto con la memoria manuscrita a la Academia por el mismo Baraibar (Sesión 12 de febrero de 1912, Archivo: 4-32-1)27aErmita de San Martín (Maestu)9111638 7aÁlava2embne975661 0aFotografías de monumentos91115801 aBaráibar y Zumárraga, Federico d(1851-1918)912926 jFot-224 3Fot-224uhttps://archivoybiblioteca.realacademiabellasartessanfernando.com/cgi-bin/koha/opac-retrieve-file.pl?id=bdcb5df72274e86de524658bacad6ca2 2ddccFOTOGRAFÍAn0 00102ddc40708FOTOGRAFIAaRABASFbRABASFcDP2d2025-04-30l0oFot-224p1095517r2025-04-30 09:54:15w2025-04-30yFOTOGRAFÍA c84631d84631